Statistics for EarthBound Locations

Click here to take the quiz!

General Stats

  • This quiz has been taken 76 times
  • The average score is 13 of 19

Answer Stats

HintAnswer% Correct
EaglelandOnett
100%
Threed
95%
Twoson
95%
Fourside
94%
FoggylandWinters
91%
ChommoSummers
86%
Saturn Valley
77%
Happy Happy Village
74%
Sanctuary LocationsGiant Step
70%
Scaraba
67%
Dalaam
56%
Pink Cloud
55%
Magnet Hill
50%
Lilliput Steps
48%
Fire Spring
47%
Rainy Circle
45%
Lumine Hall
44%
Milky Well
44%
Tenda Village
41%

Score Distribution

Percentile by Number Answered

Percent of People with Each Score

Your Score History

You have not taken this quiz